Heavy gas and risk assessment : proceedings of a Symposium on Heavy Gas, September 3-4, 1979, Frankfurt/Main /

Guardado en:
Autores Corporativos: Symposium on Heavy Gas Frankfurt-am-Main, Germany), Battelle-Institut.
Otros Autores: Hartwig, Sylvius, 1938-, (Editor , ed.)
Formato: Libro
Idioma:English
German
Publicado: Dordrecht : Hingham, MA : Reidel ; sold and distributed in the U.S. and Canada, Kluwer Boston, c1980.
Materias:
Etiquetas: Agregar Etiqueta
Sin Etiquetas, Sea el primero en etiquetar este registro!
LEADER 01510cam a22003855a 4500
001 EIQ.libpla001358
008 800411s1980####ne#a#####b####101#0#eng#d
005 20060914183900.0
245 1 0 |a Heavy gas and risk assessment :  |b proceedings of a Symposium on Heavy Gas, September 3-4, 1979, Frankfurt/Main /  |c edited by Sylvius Hartwig. 
260 |a Dordrecht :  |b Reidel ;  |a Hingham, MA :  |b sold and distributed in the U.S. and Canada, Kluwer Boston,  |c c1980. 
300 |a viii, 306 p. :  |b il. ;  |c 25 cm. 
500 |a "The Symposium was sponsored by Battelle-Institut e.V." 
500 |a Inglés o Alemán. 
504 |a Incluye referencias bibliográficas e índice. 
020 |a 9027711089 
111 2 |a Symposium on Heavy Gas  |d (1979 :  |c Frankfurt-am-Main, Germany) 
700 1 |a Hartwig, Sylvius,  |d 1938-,  |e ed.  |4 edt 
710 2 |a Battelle-Institut. 
082 0 0 |a 628.5/32 
650 4 |a Gases  |x Congresos. 
650 4 |a Gases  |x Aspectos ambientales. 
650 4 |a Substancias peligrosas  |x Congresos. 
650 4 |a Substancias peligrosas  |x Aspectos ambientales. 
650 4 |a Aire  |x Congresos. 
650 4 |a Aire  |x Polución. 
650 4 |a Gases  |x Congresses. 
650 4 |a Gases  |x Environmental aspects. 
650 4 |a Hazardous substances  |x Congresses. 
650 4 |a Hazardous substances  |x Environmental aspects. 
650 4 |a Air  |x Congresses. 
650 4 |a Air  |x Pollution. 
010 |a  80014810  
040 |a DLC  |c DLC  |d AR-BbSID 
041 0 |a eng  |a ger 
859 |a AR-BbSID  |b BIB. PLAPIQUI  |h 628.5  |i Sy 68  |p 838